Central Library OPAC University of Rajshahi

বাগর্থ / (Record no. 39929)

MARC details
000 -LEADER
fixed length control field 00834nam a2200217 a 4500
001 - CONTROL NUMBER
control field 39929
003 - CONTROL NUMBER IDENTIFIER
rucl marc code BD-RjUL
005 - DATE AND TIME OF LATEST TRANSACTION
control field 20211209053108.0
008 - FIXED-LENGTH DATA ELEMENTS--GENERAL INFORMATION
fixed length control field 160420r19771950ii ||||| |||| 00| 0 ben d
035 ## - SYSTEM CONTROL NUMBER
System control number (BD-RjUL)40043
040 ## - CATALOGING SOURCE
Original cataloging agency BD-RjUL
Language of cataloging ben
Transcribing agency BD-RjUL
041 ## - LANGUAGE CODE
Language code of text/sound track or separate title ben
082 ## - DEWEY DECIMAL CLASSIFICATION NUMBER
Edition number 23
Classification number 891.4409
Author mark and year BHB 1977
100 ## - MAIN ENTRY--PERSONAL NAME
Personal name ভট্রাচার্য, শ্রীবিজনবিহারী
9 (RLIN) 122992
245 10 - TITLE STATEMENT
Title বাগর্থ /
Statement of responsibility, etc. শ্রীবিজনবিহারী ভট্রাচার্য
260 ## - PUBLICATION, DISTRIBUTION, ETC. (IMPRINT)
Place of publication, distribution, etc. কলিকাতা :
Name of publisher, distributor, etc. জিজ্ঞাসা,
Date of publication, distribution, etc. ১৯৭৭
300 ## - PHYSICAL DESCRIPTION
Pagination [১৪], ১৯৮ পৃ. ;
Size ২১ সেমি
650 ## - SUBJECT ADDED ENTRY--TOPICAL TERM
Topical term or geographic name as entry element বাংলা সাহিত্য
General subdivision ইতিহাস
9 (RLIN) 122993
Topical term or geographic name as entry element Bengali Literature
General subdivision History
9 (RLIN) 122994
942 ## - ADDED ENTRY ELEMENTS (KOHA)
Source of classification or shelving scheme Dewey Decimal Classification
Koha item type Books
Holdings
Lost status Source of classification or shelving scheme Damaged status Not for loan Collection code Permanent Location Current Location Shelving location Date acquired Source of acquisition Cost, normal purchase price Total Checkouts Full call number Date last seen Copy number Koha item type Date checked out
  Dewey Decimal Classification   Not For Loan Non-fiction Central Library, University of Rajshahi Central Library, University of Rajshahi Reading Room 07/03/1984 Tiwlip Enterprise , Dhaka 12.00   B 891.4409 BHB 1977 20/04/2016 C-2 Books  
  Dewey Decimal Classification     Non-fiction Central Library, University of Rajshahi Central Library, University of Rajshahi   28/05/1980 India Int. Cop. 12.00   B 891.4409 BHB 1977 21/04/2016 C-3 Books  
  Dewey Decimal Classification     Non-fiction Central Library, University of Rajshahi Central Library, University of Rajshahi   28/02/1978 Rajshahi, Uttor Bango Library 30.00   B 891.4409 BHB 1977 23/04/2016 C-1 Books  
  Dewey Decimal Classification     Non-fiction Central Library, University of Rajshahi Central Library, University of Rajshahi   07/03/1984 Author 12.00 1 B 891.4409 BHB 1977 24/06/2018 C-4 Books 13/05/2018
  Dewey Decimal Classification     Non-fiction Central Library, University of Rajshahi Central Library, University of Rajshahi   07/03/1984 Author 12.00 1 B 891.4409 BHB 1977 23/03/2023 C-5 Books 05/03/2023